000 00440 a2200157 4500
001 192970
020 _a978-85-96-00833-4
040 _cMagnum
100 _aAlves, Januária Cristina
240 1 0 _aUirapuru e outros animais incríveis do folclore brasileiro, O
_lpor
245 1 0 _aUirapuru e outros animais incríveis do folclore brasileiro, O
300 _a47
362 0 _a2017
697 _aLITERATURA INFANTO-JUVENIL
942 _cBK
999 _c192970
_d192970